[Event "Pere Noel CEH 2017 (B)"]
[Site "Gatineau"]
[Date "2017.12.12"]
[Round "2"]
[White "Vezina Yannick"]
[Black "Ethier Valori"]
[Result "1-0"]
[BlackElo "1411"]
[EventDate "2017.12.12"]
[WhiteElo "1473"]

1. d4 d5 2. g3 Nf6 3. Bg2 c6 4. Nd2 Bf5 5. f3 h6 6. Nh3 e6 7. Nf2 Bg6 8. O-O  Be7 9. e4 dxe4 10. fxe4 Qxd4 11. c3 Qb6 12. Nc4 Qc7 13. Bf4 Qc8 14. Bd6 Nbd7  15. e5 Nd5 16. Nd3 Qd8 17. Bxe7 Kxe7 18. Nd6 Ne3 19. Qf3 Nxf1 20. Rxf1 Rf8 21.  Rd1 Bxd3 22. Qxd3 Qb6+ 23. Kh1 Rad8 24. Nc8+ Ke8 25. Nxb6 Nxb6 26. Qxd8# 1-0

[Event "Pere Noel CEH 2017 (B)"]
[Site "Gatineau"]
[Date "2017.12.12"]
[Round "2"]
[White "Raymond Robert"]
[Black "Arcand Pierre"]
[Result "1-0"]
[BlackElo "1209"]
[EventDate "2017.12.12"]
[WhiteElo "1289"]

1. e4  e5 2. Nf3 Nc6 3.  Bb5 Nf6 4. c3 Nxe4 5. Qe2 Nd6 6. Bxc6 bxc6 7. Qxe5+ Qe7 8. O-O Qxe5 9. Nxe5 Be7  10. d4 O-O 11. Re1 Bf6 12. Nf3 Re8 13. Rxe8+ Nxe8 14. Bg5 Bxg5 15. Nxg5 h6 16.  Nf3 Rb8 17. b3 Rb5 18. Nbd2 Rf5 19. Re1 Kf8 20. Ne5 Rf6 21. Nef3 Re6 22. Rxe6  dxe6 23. Ne5 Bb7 24. Nd7+ Ke7 25. Nc5 Ba8 26. Nf3 f6 27. Nh4 Kd6 28. b4 f5 29.  Nf3 Nf6 30. Ne5 Nd5 31. Na4 Bb7 32. a3 Ba6 33. c4 Nf4 34. Kf1 Nh5 35. g3 Nf6  36. f3 Nd7 37. Nc5 Nxe5 38. dxe5+ Kxe5 39. Nxa6 1-0

[Event "Pere Noel CEH 2017 (Open)"]
[Site "Gatineau"]
[Date "2017.12.05"]
[Round "1"]
[White "Solunac Sasha"]
[Black "Raymond Daniel"]
[Result "1-0"]
[BlackElo "1752"]
[EventDate "2017.12.05"]
[WhiteElo "1961"]

1.e4 c5 2.Nf3 d6 3.d4 cxd4 4.Nxd4 Nf6 5.Nc3 g6 6.Be2 Bg7 7.Be3 O-O 8.O-O Nc6  9.f4 Bd7 10.Kh1 a6 11.a4 Rc8 12.Nb3 Be6 13.f5 Bxb3 14.cxb3 Ne5 15.Qe1 Kh8  16.Qh4 Qa5 17.g4 Ng8 18.g5 f6 19.Rad1 fxg5 20.Bxg5 Nf6 21.Nd5 Rce8 22.Nf4  gxf5 23.exf5 Kg8 24.Ne6 Rf7 25.Rg1 Kh8 26.Bh6 Bxh6 27.Qxh6 Qb6 28.h3 Qxb3  29.Rg7 Rg8 30.Rdg1 Qd5+ 31.Kh2 Rfxg7 32.Rxg7 Nfg4+ 33.hxg4 Nxg4+ 34.Bxg4 Qe5+  35.Kh3 Rxg7 36.Qxg7+ Qxg7 37.Nxg7 Kxg7 38.Kg3 Kf6 39.Kf4 b6 40.b4 h6 41.a5  bxa5 42.bxa5 d5 43.Be2 e6 44.fxe6 Kxe6 45.Bxa6 Kd6 46.Bd3 Kc5 47.a6 Kb6  48.Kg4 d4 49.Kh5 Ka7 50.Kxh6 Kb6 51.Kg5 1-0

[Event "Pere Noel CEH 2017 (Open)"]
[Site "Gatineau"]
[Date "2017.12.05"]
[Round "1"]
[White "Danilov Alex"]
[Black "Desjardins Michel"]
[Result "1/2-1/2"]
[BlackElo "1923"]
[EventDate "2017.12.05"]
[WhiteElo "1680"]

1.Nf3 d5 2.d4 Bf5 3.Bf4 e6 4.c3 Bd6 5.Bg3 Nd7 6.Qa4 Bxg3 7.hxg3 c6 8.Nbd2 Qb6  9.Qa3 h6 10.c4 Ne7 11.e3 a5 12.g4 Bxg4 13.Qd3 Bf5 14.e4 dxe4 15.Nxe4 Qb4+  16.Nfd2 Nf6 17.Nxf6+ gxf6 18.Qc3 Qxc3 19.bxc3 O-O-O 20.Be2 e5 21.g4 Bg6  22.dxe5 fxe5 23.Nb3 b6 24.c5 a4 25.cxb6 axb3 26.axb3 Nd5 ( 26...Kb8 $1 $19  27.c4 c5 28.Ra5 Nc6 29.Rxc5 Kb7 ) 27.Ra7 Nxc3 $2 28.Ba6+ Kb8 29.Rb7+ Ka8  1/2-1/2

[Event "Pere Noel CEH 2017 (Open)"]
[Site "Gatineau"]
[Date "2017.12.05"]
[Round "1"]
[White "Guimond Michel"]
[Black "Rioux Jocelyn"]
[Result "1/2-1/2"]
[BlackElo "1625"]
[EventDate "2017.12.05"]
[WhiteElo "1904"]

1.e4 e6 2.d4 d5 3.e5 c5 4.c3 Nc6 5.Nf3 cxd4 6.cxd4 Bb4+ 7.Nc3 Nge7 8.Bd3 Qb6  9.O-O Bd7 10.Na4 Qd8 11.Bg5 h6 12.Bh4 g5 13.Nxg5 hxg5 14.Bxg5 Nxd4 15.Bf6 Rh6  16.a3 Ba5 17.Nc5 Qc7 18.b4 Bb6 19.Qg4 Ndf5 20.Bxf5 exf5 21.Qg5 Rg6 22.Qh4  Bxc5 23.Rac1 Bc6 24.Rxc5 b6 25.Rxc6 Qxc6 26.Bxe7 d4 27.g3 Rh6 28.Qg5 Rg6  29.Qh4 Rh6 30.Qg5 Rg6 1/2-1/2

[Event "Pere Noel CEH 2017 (Open)"]
[Site "Gatineau"]
[Date "2017.12.05"]
[Round "1"]
[White "Lemieux Richard"]
[Black "Jobin Gilles G."]
[Result "0-1"]
[BlackElo "1795"]
[EventDate "2017.12.05"]
[WhiteElo "1598"]

1.e4 d6 2.d4 Nf6 3.Nc3 Nbd7 4.Nf3 e5 5.Bg5 Be7 6.dxe5 dxe5 7.Bc4 O-O 8.O-O c6  9.Bxf6 Bxf6 10.h3 Qe7 11.Qe2 Qb4 12.Bb3 Nc5 13.a3 Qb6 14.Qe3 Nxb3 15.Qxb6  axb6 16.cxb3 Be6 17.Rad1 Bxb3 18.Rd7 Rab8 19.g4 h6 20.h4 Be6 0-1

[Event "Pere Noel CEH 2017 (Open)"]
[Site "Gatineau"]
[Date "2017.12.05"]
[Round "1"]
[White "Bilodeau Victor"]
[Black "Seguin Hubert"]
[Result "1-0"]
[BlackElo "1588"]
[EventDate "2017.12.05"]
[WhiteElo "1710"]

1. d4 d5 2. Nf3 Nf6 3. Bf4 Bf5 4. e3 e6 5. c3 c5 6. Nbd2 c4 7. Be2 b5 8. O-O  Be7 9. h3 O-O 10. Nh4 Nc6 11. Nxf5 exf5 12. Nf3 Ne4 13. Qc2 f6 14. Nd2 Bd6 15.  Rfe1 Qc7 16. Bxd6 Qxd6 17. Nf1 f4 18. exf4 Qxf4 19. Bg4 f5 20. Bd1 Rae8 21. Bf3  Qd6 22. Ng3 g5 23. Bxe4 fxe4 24. Qd2 Qf4 25. Re3 Re7 26. Rf1 Ref7 27. Qe2 Qh4  28. Qg4 Qxg4 29. hxg4 Rf4 30. Nf5 Rxg4 31. Nh6+ 1-0

[Event "Pere Noel CEH 2017 (B)"]
[Site "Gatineau"]
[Date "2017.12.05"]
[Round "1"]
[White "Pearce Thomas"]
[Black "Traversy Pierre"]
[Result "0-1"]
[BlackElo "1208"]
[EventDate "2017.12.05"]
[WhiteElo "1587"]

1. d4 e6 2. c4 d5 3. e3 Nf6 4. Nc3 c6 5. a3 Nbd7 6. Bd3 Bd6 7. Nh3 h6 8. O-O  Qc7 9. g3 e5 10. c5 Be7 11. f4 e4 12. Bc2 b6 13. b4 b5 14. Nf2 a5 15. Bb2 Nf8  16. h3 Ne6 17. Nfxe4 dxe4 18. Nxe4 Nxe4 19. Bxe4 O-O 20. Bc3 f5 21. Bd3 a4 22.  Ra2 Bf6 23. Bxf5 Nd8 24. Bg6 Be6 25. Rh2 Bf7 26. Bd3 Ne6 27. Be2 Qe7 28. e4 Qc7  29. e5 Be7 30. h4 g6 31. h5 Kg7 32. f5 gxf5 33. Rxf5 Ng5 34. Bg4 Bd5 35. Qd3  Ne4 36. e6 Qxg3+ 37. Qxg3 Nxg3 38. Rxf8 Rxf8 39. Rh3 Rf1+ 40. Kh2 Ne4 41. Kg2  Rf6 42. Bf3 Nxc3 43. Rg3+ Kf8 44. Bxd5 Nxd5 45. Rg6 Nf4+ 46. Kg3 Nxg6 47. hxg6  Rxg6+ 48. Kf4 Rg5 49. Ke4 Rd5 0-1

[Event "Pere Noel CEH 2017 (B)"]
[Site "Gatineau"]
[Date "2017.12.05"]
[Round "1"]
[White "Legare Gilles"]
[Black "Iyamuremye Gervais"]
[Result "0-1"]
[BlackElo "1492"]
[EventDate "2017.12.05"]
[WhiteElo "1064"]

1. e4 e5 2. Nc3 Nf6 3. Nf3 Nc6 4. d3 h6 5. Be3 Bb4 6. Bd2 d6 7. Be2 Bg4 8. h3  Bh5 9. a3 Ba5 10. b4 Bb6 11. O-O Bxf3 12. Bxf3 Nd4 13. Nd5 Nxd5 14. exd5 Qf6  15. Be4 a5 16. c3 Nb5 17. a4 Na7 18. b5 O-O 19. Qh5 Rac8 20. Be3 Bxe3 21. fxe3  Qg5 22. Qf3 g6 23. Qe2 f5 24. Bf3 Rce8 25. Qd2 b6 26. Kh1 Nc8 27. Qf2 e4 28. h4  Qe7 29. Be2 exd3 30. Bf3 Qxe3 31. Qg3 Ne7 32. Rfe1 Qc5 33. Rec1 Kh7 34. c4 Ng8  35. Kh2 Qd4 36. Re1 Nf6 37. Re6 Rxe6 38. dxe6 Qxc4 39. e7 Re8 40. Re1 {Les  blancs perdent au temps!} 0-1

[Event "Pere Noel CEH 2017 (B)"]
[Site "Gatineau"]
[Date "2017.12.05"]
[Round "1"]
[White "Sabourin Yves"]
[Black "Lepine Louis"]
[Result "1-0"]
[BlackElo "1044"]
[EventDate "2017.12.05"]
[WhiteElo "1485"]

1. e4 e5 2. Nf3 Nc6 3. Bb5 a6 4. Ba4 b5 5. Bb3 h6 6. c3 d6 7. d4 f6 8. Be3 Na5 9. Nbd2  Bb7 10. Nxe5 dxe5 11. Qh5+ Kd7 12. Qf5+ Ke8 13. Bxg8 Rxg8 14. Qe6+ Qe7 15. Qxg8  Kd7 16. b4 Nc6 17. d5 Na7 18. Bc5 Qd8 19. Qxf8 Qxf8 20. Bxf8 Rxf8 21. O-O c6  22. dxc6+ Nxc6 23. Rfd1 Ke6 24. Nb3 Ba8 25. Nc5+ Kf7 26. Rd7+ Kg8 27. Rad1 Rd8  28. Rxd8+ Nxd8 29. Rxd8+ Kf7 30. Rxa8 1-0

[Event "Pere Noel CEH 2017 (B)"]
[Site "Gatineau"]
[Date "2017.12.05"]
[Round "1"]
[White "Deng Joyce"]
[Black "Vezina Yannick"]
[Result "0-1"]
[BlackElo "1473"]
[EventDate "2017.12.05"]
[WhiteElo "1000"]

1. e4 e5 2. Nf3 Nc6 3. Nc3 Nf6 4. Bc4 Be7 5. a3 h6 6. d3 d6 7. h3 O-O 8. Be3  Nh7 9. Nd5 Bd7 10. Nxe7+ Nxe7 11. O-O a5 12. Qd2 Re8 13. b4 b5 14. Ba2 a4 15.  c3 Ng6 16. Bd5 c6 17. Ba2 Nhf8 18. c4 Rc8 19. cxb5 cxb5 20. Rac1 Qe7 21. Rxc8  Rxc8 22. Rc1 Rxc1+ 23. Qxc1 Ne6 24. Bxe6 Qxe6 25. Qb1 Qb3 26. Qxb3 axb3 27. Nd2  b2 28. f3 Be6 29. Kf1 Ba2 30. Ke1 Kf8 31. Kd1 b1=Q+ 32. Nxb1 Bxb1 33. Kc1 Bxd3  34. Kd2 Bc4 35. Bb6 Ke8 36. Bc7 Kd7 37. Bb6 Nh4 0-1

[Event "Pere Noel CEH 2017 (B)"]
[Site "Gatineau"]
[Date "2017.12.05"]
[Round "1"]
[White "Berthiaume Serge"]
[Black "Deng Henry"]
[Result "1-0"]
[BlackElo "980"]
[EventDate "2017.12.05"]
[WhiteElo "1455"]

1. e4 e5 2. Nf3 Nc6 3. Bc4 Nf6 4. d4 d6 5. dxe5 dxe5 6.  Qxd8+ Nxd8 7. Nc3 Bb4 8. Bd2 Nc6 9. Ng5 O-O 10. O-O-O Bg4 11. f3 Bxc3 12. Bxc3  Bh5 13. g4 Bg6 14. h4 h5 15. gxh5 Bxh5 16. Rhg1 Bxf3 17. Nxf3 Nxe4 18. Bxe5  Nxe5 19. Nxe5 Nf2 20. Rd7 Kh7 21. Nxf7 Rfe8 22. Ng5+ Kh6 23. Ne6 Rg8 24. Nxg7  Rgf8 25. Ne6 Rf3 26. Rdg7 Rh3 27. R1g6+ Kh5 28. Nf4+ 1-0

[Event "Pere Noel CEH 2017 (B)"]
[Site "Gatineau"]
[Date "2017.12.05"]
[Round "1"]
[White "Yuan Eric"]
[Black "Masse-Garneau Anthony"]
[Result "0-1"]
[BlackElo "1442"]
[EventDate "2017.12.05"]
[WhiteElo "964"]

1. e4 e5 2. Nf3 Nc6 3. Nc3 Nf6 4. Bc4 Nxe4 5. Nxe4 d5 6. Bxd5 Qxd5 7. Nc3 Qd8  8. d3 Bg4 9. h3 Bh5 10. Qd2 Bxf3 11. gxf3 Nd4 12. Qe3 Nxc2+ 13. Kd1 Nxe3+ 14.  fxe3 Qxd3+ 15. Bd2 O-O-O 16. Ne4 f5 17. Rc1 fxe4 18. Rc2 Bb4 19. Kc1 Bxd2+ 20.  Kb1 Rd6 21. Rd1 Rc6 22. Rdxd2 Qf1+ 0-1